000 01835cam a2200397 i 4500
999 _c116355
_d116355
003 BJBSDDR
005 20230411090800.0
007 ta
008 160603s2018 nyua b 001 0beng
020 _a9780525563617 (paperback)
020 _a052556361X (paperback)
040 _aDLC
_beng
_cDLC
041 _aeng
042 _apcc
043 _an-us---
050 1 4 _aB PS 3515
_bH488D 2018
082 0 0 _a813/.52
100 1 _aDearborn, Mary V.,
_d1955-
245 1 0 _aErnest Hemingway :
_ba biography /
_cMary V. Dearborn.
250 _aFirst Vintage Books edition.
264 1 _aNew York :
_bVintage Books,
_c2018.
300 _a738 pages :
_billustrations ;
_c24 cm
336 _atext
_2rdacontent
337 _aunmediated
_2rdamedia
338 _avolume
_2rdacarrier
504 _aIncludes bibliographical references (pages 697-705) and index.
505 _aErnest Hemingway -- Acknowledgements -- Notes -- Bibliography -- Index.
520 _aDearborn's biography of Hemingway explores the causes of his suicide, and deepens our understanding of the man, the artist, the self-created larger-than-life force who became Ernest Hemingway. We see the development of his writing; his emergence as a startlingly contemporary figure-- not least in gender experimentation and sexual role-playing. And his four marriages are examined as reflections of how he saw himself.
600 1 4 _aHemingway, Ernest,
_d1899-1961
650 0 _aAuthors, American
_y20th century
_vBiography.
650 4 _aAutores estadounidenses
_vBiografĂ­as
_94083
650 4 _aNovelistas estadounidenses
_vBiografĂ­as
_97255
906 _a7
_bcbc
_corignew
_d1
_eecip
_f20
_gy-gencatlg
942 _2lcc
_cBK